La investigación científica (Registro nro. 4110)
[ vista simple ]
| 000 -LEADER | |
|---|---|
| fixed length control field | 01252 a2200241 4500 |
| 001 - CONTROL NUMBER | |
| control field | 46008 |
| 005 - DATE AND TIME OF LATEST TRANSACTION | |
| control field | 20260407155733.0 |
| 008 - FIXED-LENGTH DATA ELEMENTS--GENERAL INFORMATION | |
| fixed length control field | 260407a1985 arg spa d |
| 003 - CONTROL NUMBER IDENTIFIER | |
| control field | AR-UNSa-BCEJYS |
| 040 ## - CATALOGING SOURCE | |
| Original cataloging agency | AR-UNSa-BCEJYS |
| Language of cataloging | spa |
| Transcribing agency | AR-UNSa-BCEJYS |
| 080 ## - UNIVERSAL DECIMAL CLASSIFICATION NUMBER | |
| Universal Decimal Classification number | 001.891 |
| Common auxiliary subdivision | Investigación científica. Métodos de investigación |
| 020 ## - INTERNATIONAL STANDARD BOOK NUMBER | |
| International Standard Book Number | 978-84-344-8010-0 |
| 041 ## - LANGUAGE CODE | |
| Language code of text/sound track or separate title | spa |
| 100 1# - MAIN ENTRY--PERSONAL NAME | |
| Personal name | Bunge, Mario |
| 245 10 - TITLE STATEMENT | |
| Title | La investigación científica |
| Name of part/section of a work | su estrategia y su filosofía |
| 250 ## - EDITION STATEMENT | |
| Edition statement | 2a. ed. corr. |
| 264 #1 - PRODUCTION, PUBLICATION, DISTRIBUTION, MANUFACTURE, AND COPYRIGHT NOTICE | |
| Place of production, publication, distribution, manufacture | Barcelona : |
| Name of producer, publisher, distributor, manufacturer | Ariel |
| Date of production, publication, distribution, manufacture, or copyright notice | 1985 |
| 300 ## - PHYSICAL DESCRIPTION | |
| Extent | 955 p. |
| Dimensions | 22 cm. |
| 505 ## - FORMATTED CONTENTS NOTE | |
| Formatted contents note | Parte I: Enfoque e instrumentos: 1. El enfoque científico – 2. Concepto – 3. Dilucidación - - Parte II: Las ideas científicas: 4. Problema – 5. Hipótesis – 6. Ley – 7. Teoría: estática – 8. Teoría: dinámica - - Parte III: La aplicación de las ideas científicas: de la explicación a la acción: 9. Explicación – 10. Predicción – 11. Acción - - Parte IV : La contrastación de las ideas científicas : de la observación a la inferencia : 12. Observación – 13. Medición – 14. Experimento – 15. La inferencia científica. |
| 590 ## - LOCAL NOTE (RLIN) | |
| Local note | niveau_biblio:m niveau_hierar:0 |
| 700 1# - ADDED ENTRY--PERSONAL NAME | |
| Personal name | Sacristán, Manuel |
| 942 ## - ADDED ENTRY ELEMENTS (KOHA) | |
| Koha item type | |
| Withdrawn status | Lost status | Damaged status | Not for loan | Home library | Current library | Shelving location | Date acquired | Total checkouts | Full call number | Barcode | Date last seen | Price effective from | Koha item type |
|---|---|---|---|---|---|---|---|---|---|---|---|---|---|
| Biblioteca Prof. Eusebio Cleto del Rey | Biblioteca Prof. Eusebio Cleto del Rey | 07/04/2026 | 001.891 B942 2ed. | L44155 | 07/04/2026 | 07/04/2026 | Libro | ||||||
| Biblioteca Prof. Eusebio Cleto del Rey | Biblioteca Prof. Eusebio Cleto del Rey | 07/04/2026 | 001.891 B942 2ed. | L44156 | 07/04/2026 | 07/04/2026 | Libro |